Polsko. Atlas ekonoma.

Prehľad politickej a hospodárskej situácie v Poľsku v období hospodárskych reforiem a rozvoja trhového hospodárstva. Privatizácia štátneho sektoru a prechod k súkromnému podnikaniu. Mena, štátne financie, platobná bilancia a zahraničný obchod v PR. Obchodné styky bývalej ČSFR s Poľskom.

Na minha lista:
Detalhes bibliográficos
Autor principal: Hálek, J.
Formato: Capítulo de Livro
Idioma:tcheco
Assuntos:
Tags: Adicionar Tag
Sem tags, seja o primeiro a adicionar uma tag!

MARC

LEADER 00000naa a2200000 4500
001 r012305
005 20220826094705.2
041 0 |a cze 
044 |a CZ 
245 1 0 |a Polsko.  |b Atlas ekonoma.  |c J. Hálek 
520 |a Prehľad politickej a hospodárskej situácie v Poľsku v období hospodárskych reforiem a rozvoja trhového hospodárstva. Privatizácia štátneho sektoru a prechod k súkromnému podnikaniu. Mena, štátne financie, platobná bilancia a zahraničný obchod v PR. Obchodné styky bývalej ČSFR s Poľskom. 
610 2 0 |a PR 
610 2 0 |a privatizácia 
610 2 0 |a podnikanie súkromné 
610 2 0 |a mena 
610 2 0 |a financie štátne 
610 2 0 |a bilancia platobná 
610 2 0 |a obchod zahraničný 
610 2 0 |a ČSFR 
610 2 0 |a situácia hospodárska 
100 1 |a Hálek, J.